000 00594nam a2200241 i 4500
001 23200
003 ES-MaBCM
005 20241016094355.0
008 871020s1986 esp 000 0 spa d
020 _a84-01-33298-2
021 _axx
035 _a(OCoLC)433924063
040 _cES-MaBCM
041 0 _aspa
043 _aesp
080 _a860-7"19"
100 1 _aUssía, Alfonso
_947325
245 1 0 _aY con estos entramos en Europa
_cAlfonso Ussía
260 _aBarcelona :
_bPlaza & Janés,
_c1986
300 _a252 p.
_c21 cm
440 0 _aPolítica española
_994897
942 _cBK
999 _c23200
_d23200